Frauenberuf und frauenbildung. (Record no. 19267)

MARC details
000 -LEADER
fixed length control field 00614nam a22002051 4500
001 - CONTROL NUMBER
control field e 11002201
003 - CONTROL NUMBER IDENTIFIER
control field DLC
005 - DATE AND TIME OF LATEST TRANSACTION
control field 20260227111156.0
008 - FIXED-LENGTH DATA ELEMENTS--GENERAL INFORMATION
fixed length control field 780301s1878 au 00010 ger c
010 ## - LIBRARY OF CONGRESS CONTROL NUMBER
LC control number e 11002201
035 ## - SYSTEM CONTROL NUMBER
System control number ocl73639304
040 ## - CATALOGING SOURCE
Original cataloging agency Library, U.S. Bur. of Education
Transcribing agency WMaUCS
043 ## - GEOGRAPHIC AREA CODE
Geographic area code e-gx---
050 0# - LIBRARY OF CONGRESS CALL NUMBER
Classification number LC1423
Item number .R3
100 10 - MAIN ENTRY--PERSONAL NAME
Personal name Reuper, Julius.
245 10 - TITLE STATEMENT
Title Frauenberuf und frauenbildung.
Remainder of title Ein beitrag zur frauenfrage,
Statement of responsibility, etc. von Julius Reuper ...
260 0# - PUBLICATION, DISTRIBUTION, ETC.
Place of publication, distribution, etc. Wien,
Name of publisher, distributor, etc. A. Pichler's witwe & sohn,
Date of publication, distribution, etc. 1878.
300 ## - PHYSICAL DESCRIPTION
Extent 2 p.l., 84 p.
Dimensions 22 cm.
650 #0 - SUBJECT ADDED ENTRY--TOPICAL TERM
Topical term or geographic name entry element Women
General subdivision Education
Geographic subdivision Germany.

No items available.

Powered by Koha